Statistics for The Office U.S. Quiz

Click here to take the quiz!

General Stats

  • This quiz has been taken 8 times
  • The average score is 6 of 15

Answer Stats

HintAnswer% Correct
Which employee was once in a love triangle with two other employees?Angela
71%
Who couldn’t make it to Andy’s play because they were babysitting?Erin
71%
What was the color of the flyer for the committee to plan parties Christmas party?pink
71%
What branch did Michael reveal would be shut down at the company picnic?Buffalo
57%
What do millions of families suffer from every year?identity theft
57%
Which character in the show is Steve Carrell’s actual wife?Carol
43%
What song does Dwight and Angela share a love for?Little Drummer Boy
43%
What did Dwight get Angela for Valentines Day?a key
29%
What did Gabe compare himself to after he explained he does all the unwanted tasks?a toilet
29%
At Benihana, what does Michael take from a random man’s plate?
steak
29%
What is the final lines spoken in the show? (Pam said them)Isn’t that kind of the point
29%
What is the name of the Stamford employee that is an ex convict?Martin
29%
“I’m Date Mike” _______________nice to meet me
29%
What was Michael’s Halloween costume made out of?paper mache
29%
Who was the middle aged woman who stood in for Pam while she was at art school?Ronni
29%

Score Distribution

Percentile by Number Answered

Percent of People with Each Score

Your Score History

You have not taken this quiz